00830nam a2200241 a 450000100100000000500170001000800410002702000150006804000250008308200180010810000370012624500800016326000400024330000240028349000210030765000240032865000280035270000300038083000300041004900090044095201220044999900170057100002313820200930022019.0101129s1995 sp r 000 j spa d a8420646679 aDO-SdBNPbspacBNPHU a891.865bK11e1 aKafka, Franz,d1883-1924.93139910aEn la colonia penitenciaria /cKafka, Franz ; traducción de J. R. Wilcok. aMadrid :bAlianza Editorial,c1995. a62 p. [2] ;c15 cm.1 aAlianza cienv67 4aNovela checa912956 4aLiteratura checa9129571 aWilcok, J. R.etr.947644 0aAlianza cien ;v67912832 aBNGR 001054708MOaGRbGRcCTd2010-11-29iLF1l0o891.865 K11ep23138-10r2020-06-25w2020-06-25y4ZPréstamo en sala c22635d22635